00229nam a22001097a 4500003000400000082001700004100001800021245003400039250000900073260002900082300000800111SGT a618.92bI12L aLISSUER, TOM  aILLUSTRATED TB OF PEDIATRICS  a4TH  aEDINBURGH bMOSBY c2012 a533